00527 2200181 4500245003700000020002200037250001100059100001400070700001700084650001600101650001000117005001900127260005700146041001400203084001000217300010900227336000900336 aBiji Merah LunacAmmy KudohText a978-602-244-926-3 aCet. 1 aAmmy Kudo aMel Darmawan aBiji-bijian aEbook a20240902085104 aJakartabKementerian Pendidikan dan Kebudayaanc2022 aIndonesia a633.1 aAndika New Basic 26/38, Delight Snowy, Mat Saleh, Cloudy With a Chance of Love. ii, 22 hlm :b21 x 29 ; atext